[Event "Mississauga Golden Horseshoe op"]
[Site "Mississauga"]
[Date "2018.06.02"]
[Round "2"]
[White "Casareno, Erwin"]
[Black "Atanasov, Anthony"]
[Result "0-1"]
[WhiteElo "1839"]
[BlackElo "1859"]
[PlyCount "100"]
[EventDate "2018.06.02"]
[EventType "swiss"]
[EventRounds "5"]
[EventCountry "CAN"]
[SourceTitle "EXT 2019"]
[Source "ChessBase"]
[SourceDate "2018.10.10"]
[SourceVersion "1"]
[SourceVersionDate "2018.10.10"]
[SourceQuality "1"]

1. e4 c5 2. Nf3 d6 3. d4 cxd4 4. Nxd4 Nf6 5. Nc3 a6 6. Be3 b5 7. f3 e6 8. Qd2 Nbd7 9. a4 b4 10. Na2 d5 11. Nc6 Qc7 12. exd5 Nxd5 13. Ncxb4 Nxe3 14. Qxe3 Bc5 15. Qc3 Qf4 16. g3 Qh6 17. Rd1 0-0 18. Bg2 a5 19. Nc6 e5 20. Nxe5 Qe6 21. f4 Qxa2 22. Bd5 Qxa4 23. Bc6 Qa2 24. Bd5 Qa4 25. Bc6 Qa2 26. Bd5 Qxd5 27. Rxd5 Bb4 28. Rxd7 Bxc3+ 29. bxc3 Bxd7 30. Nxd7 Rfe8+ 31. Kf2 Rac8 32. Ra1 Rxc3 33. Rxa5 Rxc2+ 34. Kf3 Rxh2 35. Rd5 h5 36. Ne5 h4 37. gxh4 Rxh4 38. Rd7 g5 39. Ng4 Kg7 40. fxg5 Kg6 41. Rd5 Rh3+ 42. Kf4 Ra3 43. Rd6+ Kg7 44. Rd5 Rb8 45. Ne5 Rb4+ 46. Kf5 Raa4 47. Nc6 Rg4 48. Ne7 Rae4 49. g6 Rgf4+ 50. Kg5 f6+ 0-1

[Event "Quebec op"]
[Site "Montreal"]
[Date "2012.07.28"]
[Round "9"]
[White "Casareno, Erwin"]
[Black "Gelet, Seymour"]
[Result "0-1"]
[WhiteElo "2246"]
[BlackElo "2009"]
[PlyCount "90"]
[EventDate "2012.07.21"]
[EventType "swiss"]
[EventRounds "9"]
[EventCountry "CAN"]
[SourceTitle "EXT 2022"]
[Source "ChessBase"]
[SourceDate "2021.10.06"]
[SourceVersion "1"]
[SourceVersionDate "2021.10.06"]
[SourceQuality "1"]

1. e4 c5 2. Nf3 Nc6 3. Bb5 Nd4 4. Nxd4 cxd4 5. 0-0 a6 6. Bc4 b5 7. Bb3 Bb7 8. d3 Nf6 9. e5 Nd5 10. Qg4 Qb6 11. Nd2 h5 12. Qg5 e6 13. Ne4 Rh7 14. Qh4 Nc7 15. Ng3 g6 16. Bg5 d6 17. Ne4 Bxe4 18. Qxe4 d5 19. Qh4 Kd7 20. c3 Bc5 21. a4 Rhh8 22. Qf4 Rh7 23. Rfc1 Rc8 24. Rc2 Ne8 25. Rac1 Rc7 26. Qh4 Qb8 27. cxd4 Bb6 28. Rxc7+ Bxc7 29. Be7 Ng7 30. Bg5 Nf5 31. Qf4 Bd8 32. Bxd5 Bxg5 33. Bc6+ Ke7 34. Qxg5+ Kf8 35. axb5 axb5 36. Qf4 Qd8 37. d5 exd5 38. Qb4+ Kg7 39. Bxb5 Qg5 40. f4 Qg4 41. h3 Qg3 42. Rf1 Qe3+ 43. Kh2 Qg3+ 44. Kh1 Ne3 45. Rg1 Ng4 0-1

[Event "Quebec op"]
[Site "Montreal"]
[Date "2012.07.23"]
[Round "4"]
[White "Casareno, Erwin"]
[Black "Boudreau, Daniel"]
[Result "1-0"]
[WhiteElo "2246"]
[BlackElo "1956"]
[PlyCount "67"]
[EventDate "2012.07.21"]
[EventType "swiss"]
[EventRounds "9"]
[EventCountry "CAN"]
[SourceTitle "EXT 2022"]
[Source "ChessBase"]
[SourceDate "2021.10.06"]
[SourceVersion "1"]
[SourceVersionDate "2021.10.06"]
[SourceQuality "1"]

1. e4 c5 2. Nf3 e6 3. d4 cxd4 4. Nxd4 a6 5. Bd3 Qc7 6. 0-0 Nf6 7. c4 b6 8. Nc3 Bb4 9. Qe2 Bxc3 10. bxc3 d6 11. f4 Nbd7 12. Ba3 Bb7 13. Rae1 Nc5 14. e5 dxe5 15. fxe5 Nfe4 16. Bxe4 Nxe4 17. Qh5 g6 18. Qh4 Nc5 19. Re3 h6 20. Qf6 Rh7 21. Rg3 Be4 22. Re1 Qb7 23. Rge3 Bxg2 24. Bxc5 bxc5 25. Nxe6 Qe7 26. Nf4 Bb7 27. Rb1 Rb8 28. Nd5 Qf8 29. e6 fxe6 30. Rxe6+ Kd7 31. Rxb7+ Rxb7 32. Qxf8 Kxe6 33. Qf6+ Kd7 34. Qxg6 1-0

[Event "Quebec op"]
[Site "Montreal"]
[Date "2012.07.22"]
[Round "2"]
[White "Forget, Luc"]
[Black "Casareno, Erwin"]
[Result "1-0"]
[WhiteElo "2000"]
[BlackElo "2246"]
[PlyCount "42"]
[EventDate "2012.07.21"]
[EventType "swiss"]
[EventRounds "9"]
[EventCountry "CAN"]
[SourceTitle "EXT 2022"]
[Source "ChessBase"]
[SourceDate "2021.10.06"]
[SourceVersion "1"]
[SourceVersionDate "2021.10.06"]
[SourceQuality "1"]

1. d4 d5 2. c4 c6 3. Nf3 Nf6 4. Nc3 a6 5. c5 e6 6. Bf4 Nbd7 7. Qc2 Be7 8. e3 0-0 9. Bd3 h6 10. 0-0 Re8 11. b4 Bf8 12. a4 Nh5 13. b5 Nxf4 14. exf4 Qf6 15. Qd2 Bxc5 16. bxc6 bxc6 17. dxc5 Nxc5 18. Bc2 a5 19. Rab1 Ba6 20. Rfe1 Rec8 21. Ne5 Qd8 1-0

[Event "Scarborough CC Spring Into Summer"]
[Site "Toronto"]
[Date "2011.06.09"]
[Round "6"]
[White "Casareno, Erwin"]
[Black "Song, Michael"]
[Result "1-0"]
[WhiteElo "2164"]
[BlackElo "2228"]
[PlyCount "73"]
[EventDate "2011.04.28"]
[EventType "swiss"]
[EventRounds "9"]
[EventCountry "CAN"]
[SourceTitle "EXT 2022"]
[Source "ChessBase"]
[SourceDate "2021.10.06"]
[SourceVersion "1"]
[SourceVersionDate "2021.10.06"]
[SourceQuality "1"]

1. e4 c5 2. Nf3 d6 3. d4 cxd4 4. Nxd4 Nf6 5. Nc3 a6 6. Be3 e5 7. Nb3 Be7 8. f3 Be6 9. Nd5 Nxd5 10. exd5 Bf5 11. Bd3 Bh4+ 12. g3 Bg5 13. Bxf5 Bxe3 14. Qd3 Qg5 15. Na5 b5 16. a4 Bd2+ 17. Qxd2 Qxf5 18. 0-0 0-0 19. c4 Nd7 20. axb5 axb5 21. Nc6 Qf6 22. Rxa8 Rxa8 23. cxb5 Nb6 24. Qf2 Nd7 25. b6 Nc5 26. b4 Nb7 27. Qc2 Qg5 28. Na5 Nd8 29. b7 Rb8 30. Qc7 Qe3+ 31. Kg2 Qa7 32. Nc6 Nxc6 33. dxc6 Rf8 34. Qxd6 f6 35. Qd5+ Kh8 36. c7 Qd4 37. Qxd4 1-0

[Event "Scarborough CC Falling Leaves"]
[Site "Toronto"]
[Date "2010.12.09"]
[Round "7"]
[White "Southam, David"]
[Black "Casareno, Erwin"]
[Result "0-1"]
[WhiteElo "2161"]
[BlackElo "2129"]
[PlyCount "68"]
[EventDate "2010.10.28"]
[EventType "swiss"]
[EventRounds "7"]
[EventCountry "CAN"]
[SourceTitle "EXT 2022"]
[Source "ChessBase"]
[SourceDate "2021.10.06"]
[SourceVersion "1"]
[SourceVersionDate "2021.10.06"]
[SourceQuality "1"]

1. d4 d5 2. c4 c6 3. Nf3 Nf6 4. Nc3 a6 5. c5 Nbd7 6. Bf4 Nh5 7. e3 g6 8. b4 Bg7 9. h3 0-0 10. Bh2 Re8 11. g4 Nhf6 12. Bd3 h5 13. Ne5 hxg4 14. Qc2 Nxe5 15. Bxe5 Qd7 16. Na4 Qe6 17. Nb6 Bd7 18. Nxa8 Rxa8 19. 0-0-0 gxh3 20. Kb1 a5 21. bxa5 Rxa5 22. Rdg1 Ne4 23. Bxg7 Kxg7 24. f3 Nxc5 25. dxc5 Qxe3 26. Qc3+ e5 27. Re1 Rxc5 28. Qxe5+ Qxe5 29. Rxe5 Rc3 30. Be2 Kf6 31. Kb2 d4 32. f4 Bf5 33. Re8 b5 34. Rf8 Rc2+ 0-1

[Event "Scarborough CC Falling Leaves"]
[Site "Toronto"]
[Date "2010.11.04"]
[Round "2"]
[White "Abrahams, Daniel"]
[Black "Casareno, Erwin"]
[Result "0-1"]
[WhiteElo "2116"]
[BlackElo "2129"]
[PlyCount "76"]
[EventDate "2010.10.28"]
[EventType "swiss"]
[EventRounds "7"]
[EventCountry "CAN"]
[SourceTitle "EXT 2022"]
[Source "ChessBase"]
[SourceDate "2021.10.06"]
[SourceVersion "1"]
[SourceVersionDate "2021.10.06"]
[SourceQuality "1"]

1. Nf3 c5 2. e4 Nc6 3. d4 cxd4 4. Nxd4 Qb6 5. Nb3 e6 6. Bd3 Nf6 7. Nc3 a6 8. f4 d6 9. Qf3 Be7 10. g4 Nd7 11. h4 Nc5 12. Nxc5 dxc5 13. e5 Nd4 14. Qf2 Bd7 15. 0-0 Bc6 16. Ne4 0-0-0 17. c3 Nb3 18. Nd6+ Bxd6 19. axb3 Be7 20. Bc4 Qc7 21. Be3 Be4 22. Rfd1 Qc6 23. Be2 Rxd1+ 24. Rxd1 Rd8 25. Rxd8+ Kxd8 26. f5 Bh1 27. f6 gxf6 28. exf6 Bd6 29. Bd3 Be4 30. Bf1 Qd5 31. Qd2 Qe5 32. Qf2 Kc7 33. g5 Bc6 34. Bc4 Qe4 35. Kf1 b5 36. Bxe6 Qd3+ 37. Qe2 Qb1+ 38. Kf2 fxe6 0-1

[Event "Canadian op"]
[Site "Toronto"]
[Date "2010.07.15"]
[Round "6"]
[White "Casareno, Erwin"]
[Black "Verde, Pino"]
[Result "1-0"]
[WhiteElo "2105"]
[BlackElo "1800"]
[PlyCount "81"]
[EventDate "2010.07.10"]
[EventType "swiss"]
[EventRounds "9"]
[EventCountry "CAN"]
[SourceTitle "EXT 2022"]
[Source "ChessBase"]
[SourceDate "2021.10.06"]
[SourceVersion "1"]
[SourceVersionDate "2021.10.06"]
[SourceQuality "1"]

1. e4 d6 2. d4 Nf6 3. Nc3 Nbd7 4. f4 e5 5. Nf3 Be7 6. fxe5 dxe5 7. dxe5 Ng4 8. Bf4 c6 9. h3 g5 10. Nxg5 Bxg5 11. Qxg4 Bxf4 12. Qxf4 Qe7 13. Bc4 Nxe5 14. Bb3 Ng6 15. Qf2 Be6 16. 0-0-0 Qg5+ 17. Kb1 Bxb3 18. axb3 b5 19. h4 Qe7 20. h5 Ne5 21. Ne2 Rg8 22. Nd4 Qc5 23. Rhf1 0-0-0 24. b4 Qe7 25. Nf5 Rxd1+ 26. Rxd1 Qc7 27. Qc5 Nd7 28. Rxd7 Kxd7 29. Nh6 Rxg2 30. Nxf7 Kc8 31. Qf8+ Kb7 32. Nd6+ Ka6 33. e5 Rg4 34. c3 Rg7 35. Ka2 Re7 36. Qh8 c5 37. Qf6 Qd7 38. Ne4+ Qe6+ 39. Qxe6+ Rxe6 40. Nxc5+ Kb6 41. Nxe6 1-0

[Event "Canadian op"]
[Site "Toronto"]
[Date "2010.07.11"]
[Round "2"]
[White "Casareno, Erwin"]
[Black "Henry, Liam"]
[Result "1-0"]
[WhiteElo "1945"]
[BlackElo "2187"]
[PlyCount "68"]
[EventDate "2010.07.10"]
[EventType "swiss"]
[EventRounds "9"]
[EventCountry "CAN"]
[SourceTitle "CBM 137 Extra"]
[Source "ChessBase"]
[SourceDate "2010.09.01"]
[SourceVersion "1"]
[SourceVersionDate "2010.09.01"]
[SourceQuality "1"]

1. e4 c5 2. Nf3 d6 3. d4 cxd4 4. Nxd4 Nf6 5. Nc3 a6 6. Be3 e5 7. Nb3 Be6 8. f3 Nbd7 9. Qd2 b5 10. Qf2 b4 11. Na4 d5 12. exd5 Nxd5 13. 0-0-0 Nxe3 14. Qxe3 Be7 15. Qe4 Qc8 16. Rxd7 Bxd7 17. Nb6 Bc6 18. Nxc8 Bxe4 19. Nxe7 Bxf3 20. gxf3 Kxe7 21. Bd3 g6 22. Re1 Kd6 23. Na5 f6 24. Re4 Rhb8 25. Rc4 Rb6 26. Rh4 Rbb8 27. Be4 Ra7 28. Nc6 f5 29. Nxb8 fxe4 30. Rxe4 Ra8 31. Rxb4 Kc7 32. Re4 Rxb8 33. Rxe5 Kd6 34. Ra5 Rb6 1-0

[Event "Toronto"]
[Site "Toronto"]
[Date "2010.03.16"]
[Round "8"]
[White "Semyonov, Vladimir"]
[Black "Casareno, Erwin"]
[Result "1/2-1/2"]
[WhiteElo "2053"]
[BlackElo "2181"]
[PlyCount "137"]
[EventDate "2010.03.23"]
[EventType "tourn"]
[EventRounds "9"]
[EventCountry "CAN"]
[SourceTitle "EXT 2022"]
[Source "ChessBase"]
[SourceDate "2021.10.06"]
[SourceVersion "1"]
[SourceVersionDate "2021.10.06"]
[SourceQuality "1"]

1. e4 c5 2. c3 d5 3. exd5 Qxd5 4. d4 Nf6 5. Nf3 Bg4 6. dxc5 Qxc5 7. Be3 Qc7 8. Bb5+ Nbd7 9. Nbd2 e6 10. Qa4 Bd6 11. Bxd7+ Qxd7 12. Qxd7+ Nxd7 13. h3 Bf5 14. Nc4 Bb8 15. 0-0-0 Ke7 16. Rd2 Rc8 17. Rhd1 Nc5 18. Nd6 Bxd6 19. Rxd6 Be4 20. R6d4 Bd5 21. Kb1 b5 22. Ne1 a5 23. f3 Rab8 24. Bf4 Rb7 25. Nc2 Na4 26. Ne3 Bc6 27. Bd6+ Ke8 28. Rg4 f6 29. Rgd4 Nb6 30. b3 Bd5 31. Kb2 a4 32. Re1 Kf7 33. Bb4 Bc6 34. Rdd1 h5 35. Ba5 Nd7 36. Bb4 Ne5 37. Nc2 g5 38. Bd6 Ng6 39. Nb4 Nh4 40. Nxc6 Rxc6 41. g4 Nxf3 42. Rf1 hxg4 43. hxg4 Nh4 44. Be5 f5 45. Bg3 Kg6 46. Bxh4 gxh4 47. gxf5+ exf5 48. Rd4 Kg5 49. Rg1+ Kh5 50. Rh1 axb3 51. Rhxh4+ Kg5 52. axb3 Rbc7 53. c4 b4 54. Kc2 Re7 55. Rh8 Re2+ 56. Rd2 Re3 57. Rd3 Rce6 58. c5 Re2+ 59. Rd2 Rxd2+ 60. Kxd2 Rc6 61. Rb8 Rxc5 62. Rxb4 f4 63. Rb8 Kg4 64. Ke2 Rc2+ 65. Kd3 Rb2 66. b4 Kf3 67. b5 Kf2 68. Kc4 f3 69. Kc5 1/2-1/2

[Event "Toronto Scarborough CC Frost op"]
[Site "Toronto"]
[Date "2010.02.04"]
[Round "5"]
[White "Casareno, Erwin"]
[Black "Hacatoglu, Kevork"]
[Result "1-0"]
[WhiteElo "2204"]
[BlackElo "2209"]
[PlyCount "89"]
[EventDate "2010.01.07"]
[EventType "swiss"]
[EventRounds "6"]
[EventCountry "CAN"]
[SourceTitle "EXT 2022"]
[Source "ChessBase"]
[SourceDate "2021.10.06"]
[SourceVersion "1"]
[SourceVersionDate "2021.10.06"]
[SourceQuality "1"]

1. e4 e6 2. d4 d5 3. Nc3 Bb4 4. e5 c5 5. a3 Bxc3+ 6. bxc3 Qc7 7. Qg4 f5 8. Qh5+ g6 9. Qe2 cxd4 10. c4 b5 11. Nf3 bxc4 12. Nxd4 Ne7 13. Bd2 Qb6 14. Be3 Qb2 15. Qd1 Qc3+ 16. Ke2 Nbc6 17. f4 Nxd4+ 18. Bxd4 Qa5 19. h4 Bd7 20. h5 0-0-0 21. Rh3 Ba4 22. Bc3 Qa6 23. Bb4 Nc6 24. Bd6 Bxc2 25. Qc1 Qb6 26. Ra2 Bd3+ 27. Rxd3 cxd3+ 28. Kf3 Kd7 29. Rb2 Nd4+ 30. Kg3 Rc8 31. Qb1 Nb3 32. Qxd3 Nc1 33. Rxb6 Nxd3 34. Rb7+ Kc6 35. Rxa7 Nb2 36. Ba6 Kb6 37. Bxc8 Kxa7 38. Bxe6 gxh5 39. Bxd5 Nd3 40. Be6 h4+ 41. Kf3 Ne1+ 42. Kf2 Nd3+ 43. Ke3 Ne1 44. Bc5+ Kb8 45. Bxf5 1-0

[Event "Scarborough CC Fall Swiss"]
[Site "Toronto"]
[Date "2008.11.20"]
[Round "4"]
[White "Derraugh, Geordie"]
[Black "Casareno, Erwin"]
[Result "0-1"]
[WhiteElo "2087"]
[BlackElo "2214"]
[PlyCount "89"]
[EventDate "2008.10.30"]
[EventType "swiss"]
[EventRounds "8"]
[EventCountry "CAN"]
[SourceTitle "EXT 2011"]
[Source "ChessBase"]
[SourceDate "2010.11.26"]
[SourceVersion "1"]
[SourceVersionDate "2010.11.26"]
[SourceQuality "1"]

1. e4 c5 2. Nf3 d6 3. d4 cxd4 4. Nxd4 Nf6 5. Bb5+ Nbd7 6. 0-0 a6 7. Ba4 Nxe4 8. Re1 Nec5 9. Nf5 e6 10. Bxd7+ Qxd7 11. b4 Na4 12. Bf4 d5 13. Qd4 f6 14. Nd2 Kf7 15. Ng3 Be7 16. Nf3 Qb5 17. Bd2 Qc4 18. Re2 Re8 19. c3 Bd7 20. Qe3 Rac8 21. Rc1 Bd6 22. Nd4 Nb2 23. Qf3 Nd3 24. Rd1 Ne5 25. Qh5+ Kg8 26. Nc2 Qxa2 27. Nd4 Qc4 28. f4 Nc6 29. Nxc6 bxc6 30. Qg4 f5 31. Qg5 Be7 32. Qh5 Bf6 33. Rde1 g6 34. Qf3 c5 35. Rb1 Bb5 36. Rbe1 d4 37. bxc5 d3 38. Rf2 Qxc5 39. Rc1 Qa3 40. Re1 Bxc3 41. h4 Bd4 42. Be3 Qa4 43. h5 Bc6 44. Ne4 Bxe4 45. Qg3 0-1

[Event "Scarborough CC Fall Swiss"]
[Site "Toronto"]
[Date "2008.10.30"]
[Round "1"]
[White "Casareno, Erwin"]
[Black "Manalo, Pepin"]
[Result "1-0"]
[WhiteElo "2214"]
[BlackElo "1825"]
[PlyCount "81"]
[EventDate "2008.10.30"]
[EventType "swiss"]
[EventRounds "8"]
[EventCountry "CAN"]
[SourceTitle "EXT 2011"]
[Source "ChessBase"]
[SourceDate "2010.11.26"]
[SourceVersion "1"]
[SourceVersionDate "2010.11.26"]
[SourceQuality "1"]

1. e4 c5 2. Nf3 d6 3. d4 cxd4 4. Nxd4 Nf6 5. Nc3 a6 6. Be3 e6 7. Qd2 Be7 8. f3 Nbd7 9. g4 Ne5 10. g5 Nfd7 11. f4 Nc6 12. 0-0-0 Qa5 13. Nb3 Qc7 14. f5 Nde5 15. h4 b5 16. Be2 b4 17. Na4 Rb8 18. Rhf1 Bd7 19. f6 gxf6 20. gxf6 Bf8 21. Bf4 Na7 22. Bxe5 Bxa4 23. Bxd6 Bxd6 24. Qxd6 Qxd6 25. Rxd6 Bb5 26. Bxb5+ axb5 27. Rg1 Nc8 28. Rd4 Ra8 29. Rxb4 Nd6 30. a3 Kd7 31. e5 Nf5 32. Rxb5 Kc6 33. Rc5+ Kb6 34. Rg4 Ra6 35. Rb4+ Ka7 36. Rc7+ Ka8 37. Rbb7 Nxh4 38. Nc5 Ra5 39. b4 Rxa3 40. Nd7 Ra6 41. b5 1-0

[Event "Scarborough CC Early Summer"]
[Site "Toronto"]
[Date "2008.05.08"]
[Round "1"]
[White "Casareno, Erwin"]
[Black "Paterson, Jim"]
[Result "1-0"]
[WhiteElo "2168"]
[BlackElo "1804"]
[PlyCount "105"]
[EventDate "2008.05.08"]
[EventType "swiss"]
[EventRounds "8"]
[EventCountry "CAN"]
[SourceTitle "EXT 2011"]
[Source "ChessBase"]
[SourceDate "2010.11.26"]
[SourceVersion "1"]
[SourceVersionDate "2010.11.26"]
[SourceQuality "1"]

1. e4 e6 2. d4 d5 3. Nc3 Bb4 4. e5 Qd7 5. f4 b6 6. Nf3 Ba6 7. Bxa6 Nxa6 8. Qd3 Nb8 9. 0-0 Nh6 10. Ne2 c5 11. c3 c4 12. Qc2 Be7 13. Ng3 Nc6 14. b3 b5 15. Be3 g6 16. h3 Nf5 17. Nxf5 gxf5 18. bxc4 bxc4 19. Rab1 0-0 20. Bf2 Rab8 21. Kh2 Rxb1 22. Rxb1 Rb8 23. Rxb8+ Nxb8 24. g4 fxg4 25. hxg4 Nc6 26. f5 f6 27. exf6 Bxf6 28. g5 Bd8 29. f6 Bc7+ 30. Bg3 Bxg3+ 31. Kxg3 Qf7 32. Qa4 Qc7+ 33. Kg4 Qd7 34. Kf4 e5+ 35. dxe5 Nxe5 36. Qxd7 Nxd7 37. Kf5 Nc5 38. Ke5 Ne4 39. Ke6 Kf8 40. a3 d4 41. Nxd4 Nxg5+ 42. Kf5 Nf7 43. Nf3 Ke8 44. Ke6 Nd8+ 45. Kf5 Nf7 46. Nd2 Nd6+ 47. Ke6 Nb5 48. Nxc4 Nxc3 49. f7+ Kf8 50. Ne5 Kg7 51. Nd7 Ne4 52. f8Q+ Kg6 53. Qf5+ 1-0